[Event "Grand Pacific op"]
[Site "Victoria CAN"]
[Date "2011.04.24"]
[Round "4"]
[White "Yoos, John"]
[Black "Williams, John Michael"]
[Result "1-0"]
[WhiteElo "2382"]
[BlackElo "2103"]
[PlyCount "57"]
[GameId "2160767909778887"]
[EventDate "2011.04.22"]
[EventType "swiss"]
[EventRounds "6"]
[EventCountry "CAN"]
[SourceTitle "EXT 2014"]
[Source "ChessBase"]
[SourceDate "2013.11.20"]
[SourceVersion "1"]
[SourceVersionDate "2013.11.20"]
[SourceQuality "1"]

1. e4 c5 2. Nf3 Nc6 3. d4 cxd4 4. Nxd4 g6 5. c4 Bg7 6. Be3 Nf6 7. Nc3 O-O 8. Be2 d6 9. O-O Nxd4 10. Bxd4 Bd7 11. Qd2 Bc6 12. f3 a5 13. b3 Nd7 14. Be3 Nc5 15. Rab1 e6 16. Rfd1 Be5 17. Qe1 Qf6 18. Rbc1 Rfd8 19. Bf1 b6 20. Rc2 Be8 21. Ne2 b5 22. f4 Bb2 23. e5 dxe5 24. Rxd8 Rxd8 25. Bxc5 exf4 26. Nxf4 bxc4 27. bxc4 Ba4 28. Rf2 Bc3 29. Qe3 1-0

[Event "Grand Pacific op"]
[Site "Victoria CAN"]
[Date "2011.04.24"]
[Round "5"]
[White "Cohen, Lawrence S"]
[Black "Patterson, Roger"]
[Result "0-1"]
[WhiteElo "2019"]
[BlackElo "2155"]
[PlyCount "82"]
[GameId "2160767909778888"]
[EventDate "2011.04.22"]
[EventType "swiss"]
[EventRounds "6"]
[EventCountry "CAN"]
[SourceTitle "EXT 2014"]
[Source "ChessBase"]
[SourceDate "2013.11.20"]
[SourceVersion "1"]
[SourceVersionDate "2013.11.20"]
[SourceQuality "1"]

1. c4 f5 2. g3 Nf6 3. Bg2 e5 4. e3 d6 5. Nc3 g6 6. Nge2 Bg7 7. O-O O-O 8. d4 c6 9. d5 c5 10. Rb1 Nbd7 11. b4 cxb4 12. Rxb4 Nc5 13. Bd2 Bd7 14. e4 b6 15. f4 Nfxe4 16. fxe5 Nxd2 17. Qxd2 Bxe5 18. Rfb1 Qf6 19. Rd1 Rfc8 20. Nb5 Bxb5 21. cxb5 Rc7 22. Rf1 Qg7 23. Rbb1 Re8 24. g4 fxg4 25. h3 gxh3 26. Bxh3 Rf7 27. Rxf7 Qxf7 28. Rf1 Qe7 29. Nd4 Bxd4+ 30. Qxd4 Qe3+ 31. Qxe3 Rxe3 32. Bg2 Kg7 33. Rf2 h5 34. Kh2 Nd3 35. Rc2 Nf4 36. Rc7+ Kf6 37. Bh1 Re7 38. Rc4 g5 39. a4 Re2+ 40. Kg3 Kf5 41. Bf3 h4# 0-1

[Event "Grand Pacific op"]
[Site "Victoria CAN"]
[Date "2011.04.24"]
[Round "5"]
[White "Gvili, Yaron"]
[Black "Rausis, Igors"]
[Result "1/2-1/2"]
[WhiteElo "2094"]
[BlackElo "2489"]
[PlyCount "64"]
[GameId "2160767909778889"]
[EventDate "2011.04.22"]
[EventType "swiss"]
[EventRounds "6"]
[EventCountry "CAN"]

1. e4 c6 2. Nf3 d5 3. Nc3 Nf6 4. e5 Ne4 5. d3 Nxc3 6. bxc3 Bg4 7. h3 Bxf3 8. Qxf3 e6 9. Qg3 c5 10. Be2 Nc6 11. Bd2 Qc7 12. f4 O-O-O 13. O-O Rg8 14. Qe1 Be7 15. Kh1 h6 16. Rb1 Kb8 17. c4 dxc4 18. dxc4 Rd7 19. Bf3 Rc8 20. Be3 Qa5 21. Qf2 Qc3 22. Bxc5 Qxc4 23. Bxc6 Rxc6 24. Bxa7+ Ka8 25. Bb6 Bc5 26. Bxc5 Qxc5 27. Qg3 g6 28. Rbd1 Rdc7 29. Rd8+ Ka7 30. Rfd1 Qxc2 31. Qa3+ Ra6 32. Qf8 Rc8 1/2-1/2

[Event "Grand Pacific op"]
[Site "Victoria CAN"]
[Date "2011.04.24"]
[Round "5"]
[White "Harris, Philip"]
[Black "De Peiza, Anson"]
[Result "0-1"]
[WhiteElo "1867"]
[BlackElo "2114"]
[PlyCount "98"]
[GameId "2160767909778890"]
[EventDate "2011.04.22"]
[EventType "swiss"]
[EventRounds "6"]
[EventCountry "CAN"]

1. e4 e5 2. Nf3 Nc6 3. Bc4 Bc5 4. d3 Nf6 5. c3 a6 6. O-O Ba7 7. Na3 d6 8. Nc2 Na5 9. Qe2 h6 10. Be3 Nxc4 11. dxc4 Bxe3 12. Qxe3 Qe7 13. Nfe1 O-O 14. Nd3 Ng4 15. Qe2 f5 16. f3 Nf6 17. exf5 Bxf5 18. Ne3 Bh7 19. Rfe1 Rae8 20. Nf2 Nh5 21. Qd2 Kh8 22. Nd5 Qd7 23. Rad1 Qc6 24. b3 Bg6 25. Ne4 a5 26. Qf2 b6 27. Qh4 Qd7 28. b4 axb4 29. cxb4 Nf4 30. c5 bxc5 31. bxc5 Nxd5 32. Rxd5 Qc6 33. Red1 Rf4 34. Qe1 Bf7 35. R5d2 d5 36. Nf2 Qxc5 37. Rc1 Rc4 38. Rxc4 Qxc4 39. Nd3 e4 40. fxe4 dxe4 41. Nc1 e3 42. Rd3 Bg6 43. Rc3 Qd4 44. Ne2 Qd2 45. Rc1 Bd3 46. Nf4 Be4 47. Rd1 Qb2 48. Qg3 g5 49. Nh5 Qe2 0-1

[Event "Grand Pacific op"]
[Site "Victoria CAN"]
[Date "2011.04.24"]
[Round "5"]
[White "Richardson, Ross"]
[Black "Kostin, Andrey"]
[Result "1-0"]
[WhiteElo "1899"]
[BlackElo "2116"]
[PlyCount "75"]
[GameId "2160767909778891"]
[EventDate "2011.04.22"]
[EventType "swiss"]
[EventRounds "6"]
[EventCountry "CAN"]
[SourceTitle "EXT 2014"]
[Source "ChessBase"]
[SourceDate "2013.11.20"]
[SourceVersion "1"]
[SourceVersionDate "2013.11.20"]
[SourceQuality "1"]

1. d4 d5 2. c4 e6 3. Nc3 c6 4. cxd5 exd5 5. Nf3 Nf6 6. Bg5 Be7 7. Qc2 O-O 8. e3 h6 9. Bf4 Nbd7 10. Bd3 Re8 11. h3 Bb4 12. a3 Bxc3+ 13. bxc3 Ne4 14. O-O Ndf6 15. Ne5 Qe7 16. Rfe1 Nd6 17. f3 Nd7 18. Ng4 h5 19. Nf2 Nb6 20. e4 Ndc4 21. a4 a5 22. Re2 Be6 23. Bh2 Qd7 24. e5 Rac8 25. f4 g6 26. Bxg6 fxg6 27. Qxg6+ Qg7 28. Qxh5 c5 29. f5 cxd4 30. cxd4 Bf7 31. Qf3 Rc6 32. Ng4 Bh5 33. Qf4 Bxg4 34. hxg4 Nd6 35. f6 Qf7 36. Qg5+ Kf8 37. Qh6+ Kg8 38. e6 1-0

[Event "Grand Pacific op"]
[Site "Victoria CAN"]
[Date "2011.04.24"]
[Round "5"]
[White "Rotariu, Constantin"]
[Black "Davis, Frederick"]
[Result "0-1"]
[WhiteElo "1413"]
[BlackElo "1545"]
[PlyCount "72"]
[GameId "2160767909778893"]
[EventDate "2011.04.22"]
[EventType "swiss"]
[EventRounds "6"]
[EventCountry "CAN"]

1. e4 c5 2. Nf3 e6 3. Nc3 a6 4. d3 Nc6 5. a3 d6 6. Be2 Nge7 7. O-O g6 8. Bf4 Bg7 9. Re1 O-O 10. Qd2 Re8 11. Bh6 Bh8 12. h4 d5 13. h5 b5 14. Nh2 Bb7 15. f4 d4 16. Nd1 Rc8 17. hxg6 hxg6 18. Ng4 f5 19. Ndf2 fxg4 20. Bxg4 Qd7 21. e5 Nf5 22. Bxf5 exf5 23. Nh3 Nd8 24. Ng5 Bg7 25. Bxg7 Kxg7 26. Kf2 Ne6 27. Nf3 Rh8 28. Rh1 Bxf3 29. gxf3 Rxh1 30. Rxh1 Rh8 31. Rxh8 Kxh8 32. Kg3 Qe7 33. Qa5 Nxf4 34. Qd2 Qg5+ 35. Kf2 Qg2+ 36. Ke1 Qg1# 0-1

[Event "Grand Pacific op"]
[Site "Victoria CAN"]
[Date "2011.04.24"]
[Round "5"]
[White "Seedhouse, Ed"]
[Black "Davies, Lucas"]
[Result "1/2-1/2"]
[WhiteElo "2050"]
[BlackElo "2225"]
[PlyCount "80"]
[GameId "2160767909778894"]
[EventDate "2011.04.22"]
[EventType "swiss"]
[EventRounds "6"]
[EventCountry "CAN"]

1. e4 c6 2. d4 d5 3. e5 Bf5 4. Nf3 e6 5. Be2 c5 6. O-O Nc6 7. Nc3 Bg4 8. Be3 Nge7 9. Ng5 Bxe2 10. Nxe2 Nf5 11. Nf3 Be7 12. c3 O-O 13. Rc1 Nxe3 14. fxe3 cxd4 15. exd4 b5 16. Nf4 g6 17. h3 Qb6 18. Kh1 Na5 19. Qe1 Rac8 20. Qg3 Nc4 21. Nh5 Ne3 22. Nf6+ Kg7 23. Rf2 Qd8 24. Qf4 Nf5 25. g4 Bxf6 26. exf6+ Qxf6 27. gxf5 Qxf5 28. Qxf5 gxf5 29. Rg2+ Kf6 30. Ne5 Rc7 31. Rcg1 Rb8 32. Rg7 b4 33. Rxh7 bxc3 34. bxc3 Rb2 35. Rgg7 Rxc3 36. Nd7+ Ke7 37. Rxf7+ Kd6 38. Rfg7 Rc1+ 39. Rg1 Rcc2 40. Rgg7 Rc1+ 1/2-1/2

[Event "Grand Pacific op"]
[Site "Victoria CAN"]
[Date "2011.04.24"]
[Round "5"]
[White "Sohal, Tanraj"]
[Black "Botez, Alexandra"]
[Result "1/2-1/2"]
[WhiteElo "2018"]
[BlackElo "1944"]
[PlyCount "104"]
[GameId "2160767909778895"]
[EventDate "2011.04.22"]
[EventType "swiss"]
[EventRounds "6"]
[EventCountry "CAN"]
[SourceTitle "EXT 2014"]
[Source "ChessBase"]
[SourceDate "2013.11.20"]
[SourceVersion "1"]
[SourceVersionDate "2013.11.20"]
[SourceQuality "1"]

1. d4 Nf6 2. c4 d6 3. Nc3 g6 4. e4 Bg7 5. f3 O-O 6. Be3 e5 7. d5 a5 8. Qd2 Na6 9. Bd3 Nc5 10. Nge2 Nxd3+ 11. Qxd3 Nd7 12. O-O-O Nc5 13. Qd2 f5 14. Kb1 Bd7 15. Nc1 fxe4 16. Bxc5 dxc5 17. Nxe4 b6 18. Nd3 c6 19. Ndf2 Qc7 20. h4 h6 21. h5 g5 22. dxc6 Bxc6 23. Qd6 Qc8 24. Qg6 Qe8 25. Rd6 Qxg6 26. hxg6 Bxe4+ 27. Nxe4 Rab8 28. Rhd1 g4 29. R1d3 b5 30. fxg4 bxc4 31. Rf3 Rf4 32. Rxf4 exf4 33. Nf6+ Bxf6 34. Rxf6 c3 35. b3 Kg7 36. Rxf4 Rb4 37. Rf3 c2+ 38. Kxc2 Rxg4 39. g3 Kxg6 40. Rc3 Rg5 41. Kd2 Kh5 42. Ke2 Kg4 43. Kf2 Kh3 44. Rf3 Rd5 45. Rf4 Rd2+ 46. Ke3 Rxa2 47. Rh4+ Kxg3 48. Rxh6 Rb2 49. Rg6+ Kh2 50. Kd3 Rxb3+ 51. Kc4 a4 52. Ra6 Kg2 1/2-1/2

[Event "Grand Pacific op"]
[Site "Victoria CAN"]
[Date "2011.04.24"]
[Round "5"]
[White "Wright, Polly"]
[Black "Richardson, Kai"]
[Result "1-0"]
[WhiteElo "1657"]
[BlackElo "1388"]
[PlyCount "61"]
[GameId "2160767909778897"]
[EventDate "2011.04.22"]
[EventType "swiss"]
[EventRounds "6"]
[EventCountry "CAN"]

1. c4 e5 2. Nc3 c6 3. d4 exd4 4. Qxd4 c5 5. Qd1 d6 6. Bf4 Nf6 7. e4 Nc6 8. Nf3 Bg4 9. Be2 Qd7 10. h3 Bxf3 11. Bxf3 Nd4 12. O-O Nxf3+ 13. Qxf3 Be7 14. Rad1 a6 15. e5 Ng8 16. exd6 Bf6 17. Rfe1+ Kd8 18. Nd5 Qc6 19. Qe3 Kd7 20. Qb3 b5 21. Nc7 Rb8 22. h4 Bxh4 23. Qh3+ f5 24. Qxf5+ Kd8 25. Qf8+ Kd7 26. Qxg7+ Kc8 27. Re8+ Bd8 28. Qxh8 Kb7 29. Qxg8 Qd7 30. Nd5 Kc6 31. Nf6 1-0

[Event "Grand Pacific op"]
[Site "Victoria CAN"]
[Date "2011.04.24"]
[Round "5"]
[White "Yoos, John"]
[Black "Maisuradze, Nino"]
[Result "0-1"]
[WhiteElo "2382"]
[BlackElo "2296"]
[PlyCount "110"]
[GameId "2160767909778899"]
[EventDate "2011.04.22"]
[EventType "swiss"]
[EventRounds "6"]
[EventCountry "CAN"]
[SourceTitle "EXT 2014"]
[Source "ChessBase"]
[SourceDate "2013.11.20"]
[SourceVersion "1"]
[SourceVersionDate "2013.11.20"]
[SourceQuality "1"]

1. e4 c5 2. Nf3 Nc6 3. d4 cxd4 4. Nxd4 e5 5. Nb5 d6 6. Be3 Nf6 7. Bg5 Be7 8. Bxf6 gxf6 9. Nd2 a6 10. Nc3 f5 11. Bc4 Nd4 12. O-O f4 13. Qh5 O-O 14. Rac1 b5 15. Bd5 Ra7 16. Nb3 Ne6 17. a4 b4 18. Na2 a5 19. c3 Ng7 20. Qd1 Ba6 21. Re1 bxc3 22. Nxc3 Qb6 23. Rc2 Kh8 24. Nd2 Bd3 25. Rc1 Bh4 26. Qf3 Ba6 27. b3 Ne6 28. Nc4 Bxc4 29. Bxc4 Ng5 30. Qe2 Rg8 31. g3 fxg3 32. hxg3 Bxg3 33. Kf1 Nh3 34. Qf3 Qxf2+ 35. Qxf2 Bxf2 36. Red1 Be3 37. Rb1 Bc5 38. Ke2 Ng1+ 39. Kd3 Rg2 40. Rf1 Nh3 41. Bxf7 Nf4+ 42. Rxf4 exf4 43. Be6 Bb4 44. Nd5 f3 45. Rf1 f2 46. Ne3 Rh2 47. Ng4 Rh3+ 48. Ke2 Bc5 49. Nxf2 Rh2 50. Kf3 Rxf2+ 51. Rxf2 Bxf2 52. Kxf2 Kg7 53. Ke3 Kf6 54. Bf5 Ke5 55. Kd3 h5 0-1

[Event "Grand Pacific op"]
[Site "Victoria CAN"]
[Date "2011.04.25"]
[Round "5"]
[White "Daswani, Benedict"]
[Black "Wu, Ruining (Ray)"]
[Result "0-1"]
[WhiteElo "2061"]
[BlackElo "1422"]
[PlyCount "94"]
[GameId "2160767909778900"]
[EventDate "2011.04.22"]
[EventType "swiss"]
[EventRounds "6"]
[EventCountry "CAN"]

1. g3 g6 2. Bg2 Bg7 3. d3 d6 4. Nc3 c5 5. e4 Nc6 6. f4 e6 7. Nf3 Nge7 8. O-O O-O 9. Ne2 d5 10. c3 b6 11. Qc2 Bb7 12. Be3 d4 13. Bf2 Qd7 14. Rac1 Rac8 15. Rfd1 Rfd8 16. g4 f5 17. gxf5 exf5 18. e5 Nd5 19. Kh1 Bh6 20. Qb3 Na5 21. Qc2 Nxf4 22. Nxf4 Bxf4 23. Rb1 Bxf3 24. Bxf3 Bxe5 25. c4 Nc6 26. Re1 Kh8 27. Bh4 Rf8 28. Qg2 Bf6 29. Bg3 Nb4 30. Rbd1 Nxa2 31. Bd5 Rce8 32. Rg1 Nb4 33. Bf3 Re3 34. Bf4 Re7 35. Qh3 Rg8 36. Qh6 Re6 37. Rg3 g5 38. Rdg1 Nxd3 39. Bd5 Nxf4 40. Bxe6 Qxe6 41. h4 Qc6+ 42. Kh2 Ne2 43. hxg5 Nxg3 44. Rxg3 Qd6 45. Kh1 Be5 46. g6 Qc6+ 47. Kg1 Qxg6 0-1

[Event "Grand Pacific op"]
[Site "Victoria CAN"]
[Date "2011.04.25"]
[Round "6"]
[White "Botez, Alexandra"]
[Black "Rausis, Igors"]
[Result "0-1"]
[WhiteElo "1944"]
[BlackElo "2489"]
[PlyCount "90"]
[GameId "2160767909778901"]
[EventDate "2011.04.22"]
[EventType "swiss"]
[EventRounds "6"]
[EventCountry "CAN"]
[SourceTitle "EXT 2014"]
[Source "ChessBase"]
[SourceDate "2013.11.20"]
[SourceVersion "1"]
[SourceVersionDate "2013.11.20"]
[SourceQuality "1"]

1. d4 d6 2. c4 e5 3. dxe5 dxe5 4. Qxd8+ Kxd8 5. Nc3 Be6 6. b3 Ne7 7. Bb2 Nec6 8. O-O-O+ Kc8 9. Nf3 f6 10. e3 Nd7 11. Bd3 Nc5 12. Bb1 a5 13. Nd2 a4 14. Nde4 axb3 15. Nxc5 Bxc5 16. axb3 Nb4 17. Nd5 Na2+ 18. Bxa2 Rxa2 19. Rhe1 b6 20. f3 Kb7 21. Nc3 Raa8 22. Kc2 h5 23. e4 h4 24. h3 Rh5 25. Bc1 Bd4 26. Re2 Rhh8 27. Be3 c5 28. Rb1 Ra3 29. Bxd4 exd4 30. Nd5 Rha8 31. Nf4 Bf7 32. Nd3 Ra2+ 33. Rb2 Kc6 34. Nc1 Ra1 35. e5 Bg6+ 36. Kd2 Re8 37. exf6 Rxe2+ 38. Nxe2 gxf6 39. Nf4 Bh7 40. Ke2 Rg1 41. Kf2 Rc1 42. Ne2 Rd1 43. Nf4 b5 44. Nd5 Bd3 45. Nxf6 Rf1# 0-1

[Event "Grand Pacific op"]
[Site "Victoria CAN"]
[Date "2011.04.25"]
[Round "6"]
[White "Caluza, Severo"]
[Black "May, Sarah"]
[Result "0-1"]
[WhiteElo "1851"]
[BlackElo "1696"]
[PlyCount "78"]
[GameId "2160767909778903"]
[EventDate "2011.04.22"]
[EventType "swiss"]
[EventRounds "6"]
[EventCountry "CAN"]

1. Nf3 d5 2. e3 Nf6 3. b3 Bf5 4. Bb5+ c6 5. Be2 e6 6. Nh4 Bg6 7. Nxg6 hxg6 8. Bb2 Bd6 9. g3 Nbd7 10. d4 e5 11. dxe5 Bxe5 12. Bxe5 Nxe5 13. Qd4 Qe7 14. Nd2 a6 15. b4 O-O 16. O-O Rfe8 17. Kh1 a5 18. Rfb1 axb4 19. Qxb4 b5 20. a4 Qxb4 21. Rxb4 Ra7 22. a5 Nc4 23. Nxc4 dxc4 24. Bf3 Ra6 25. Rbb1 Kf8 26. Kg2 Ke7 27. Rd1 Rd8 28. Rxd8 Kxd8 29. e4 Kc7 30. h4 Nd7 31. g4 Nc5 32. e5 Na4 33. g5 Rxa5 34. Rd1 Nc5 35. Rd6 Ra6 36. Bg4 b4 37. Rd4 b3 38. Rxc4 b2 39. Rb4 Rb6 0-1

[Event "Grand Pacific op"]
[Site "Victoria CAN"]
[Date "2011.04.25"]
[Round "6"]
[White "Davis, Frederick"]
[Black "Raymer, Elliot"]
[Result "1-0"]
[WhiteElo "1545"]
[BlackElo "1784"]
[PlyCount "69"]
[GameId "2160767909778904"]
[EventDate "2011.04.22"]
[EventType "swiss"]
[EventRounds "6"]
[EventCountry "CAN"]

1. e4 e5 2. Nf3 Nc6 3. Bc4 Nf6 4. d4 exd4 5. O-O d6 6. c3 Bg4 7. h3 Bh5 8. cxd4 Bxf3 9. gxf3 Qd7 10. Kh2 a6 11. Be3 O-O-O 12. Nc3 h5 13. Rg1 g6 14. Qb3 Na5 15. Qb4 Nxc4 16. Qxc4 Bh6 17. Qe2 Rdg8 18. Bg5 Bxg5 19. Rxg5 Nh7 20. Rg3 g5 21. Rag1 Nf6 22. e5 Nh7 23. Ne4 Qe7 24. exd6 cxd6 25. Qc4+ Kb8 26. Qd5 Rg6 27. Nxg5 Nf6 28. Qxf7 Ng4+ 29. fxg4 Qxg5 30. gxh5 Rf6 31. Rxg5 Rxf7 32. Rg8+ Rxg8 33. Rxg8+ Ka7 34. h6 Rh7 35. Rg6 1-0

[Event "Grand Pacific op"]
[Site "Victoria CAN"]
[Date "2011.04.25"]
[Round "6"]
[White "Maisuradze, Nino"]
[Black "Moore, Harry"]
[Result "1-0"]
[WhiteElo "2296"]
[BlackElo "2278"]
[PlyCount "51"]
[GameId "2160767909778907"]
[EventDate "2011.04.22"]
[EventType "swiss"]
[EventRounds "6"]
[EventCountry "CAN"]
[SourceTitle "EXT 2014"]
[Source "ChessBase"]
[SourceDate "2013.11.20"]
[SourceVersion "1"]
[SourceVersionDate "2013.11.20"]
[SourceQuality "1"]

1. d4 Nf6 2. c4 g6 3. Nc3 Bg7 4. e4 d6 5. f4 O-O 6. Nf3 c5 7. d5 e6 8. Be2 exd5 9. exd5 Re8 10. O-O Ng4 11. Bd3 Ne3 12. Bxe3 Rxe3 13. Qd2 Re8 14. Rae1 Rxe1 15. Rxe1 Bg4 16. Ng5 h6 17. Nge4 Bf5 18. Kh1 Na6 19. Nb5 Bxe4 20. Rxe4 Nc7 21. Nxc7 Qxc7 22. Qe2 Bf6 23. h4 Kg7 24. h5 g5 25. Qg4 Rh8 26. b3 1-0

[Event "Grand Pacific op"]
[Site "Victoria CAN"]
[Date "2011.04.25"]
[Round "6"]
[White "Patterson, Roger"]
[Black "Richardson, Ross"]
[Result "1/2-1/2"]
[WhiteElo "2155"]
[BlackElo "1899"]
[PlyCount "29"]
[GameId "2160767909778908"]
[EventDate "2011.04.22"]
[EventType "swiss"]
[EventRounds "6"]
[EventCountry "CAN"]
[SourceTitle "EXT 2014"]
[Source "ChessBase"]
[SourceDate "2013.11.20"]
[SourceVersion "1"]
[SourceVersionDate "2013.11.20"]
[SourceQuality "1"]

1. e4 c6 2. d4 d5 3. e5 Bf5 4. Nf3 e6 5. Be2 c5 6. Be3 Nd7 7. O-O Ne7 8. c4 Rc8 9. dxc5 dxc4 10. Bxc4 Nc6 11. Bb5 Bxc5 12. Bxc5 Nxc5 13. Nd4 Be4 14. Nc3 O-O 15. Nxc6 1/2-1/2

[Event "Grand Pacific op"]
[Site "Victoria CAN"]
[Date "2011.04.25"]
[Round "6"]
[White "Trochtchanovitch, Pavel"]
[Black "Sohal, Tanraj"]
[Result "0-1"]
[WhiteElo "2071"]
[BlackElo "2018"]
[PlyCount "102"]
[GameId "2160767909778910"]
[EventDate "2011.04.22"]
[EventType "swiss"]
[EventRounds "6"]
[EventCountry "CAN"]
[SourceTitle "EXT 2014"]
[Source "ChessBase"]
[SourceDate "2013.11.20"]
[SourceVersion "1"]
[SourceVersionDate "2013.11.20"]
[SourceQuality "1"]

1. e4 c5 2. Nf3 Nc6 3. d4 cxd4 4. Nxd4 Nf6 5. Nc3 e6 6. Be3 Bb4 7. f3 d5 8. Nxc6 bxc6 9. e5 Nd7 10. f4 c5 11. Bd2 O-O 12. Be2 Bb7 13. Bf3 Ba6 14. Ne2 Bxd2+ 15. Qxd2 Rb8 16. b3 Bxe2 17. Bxe2 Nb6 18. O-O Qc7 19. Rf3 f5 20. exf6 Rxf6 21. Re1 Rbf8 22. Ref1 d4 23. g3 Nd5 24. R1f2 Nc3 25. Qe1 Qc6 26. a4 Kh8 27. Bd3 Qd6 28. Kg2 Nd5 29. Qe4 g6 30. Kg1 Nc3 31. Qe1 Nd5 32. Be4 e5 33. f5 g5 34. g4 Nf4 35. Rd2 Rg8 36. Bd3 h5 37. h3 hxg4 38. hxg4 Rh6 39. Rh2 Rxh2 40. Kxh2 e4 41. Qxe4 Nxd3+ 42. Kg1 Nf4 43. Rf1 Nd5 44. Rf2 Qg3+ 45. Rg2 Qe3+ 46. Qxe3 dxe3 47. Kf1 Nf4 48. Rg3 e2+ 49. Ke1 Rd8 50. Kf2 Rd1 51. Re3 Rf1+ 0-1

[Event "Grand Pacific op"]
[Site "Victoria CAN"]
[Date "2011.04.25"]
[Round "6"]
[White "Williams, John"]
[Black "Seedhouse, Ed"]
[Result "1-0"]
[WhiteElo "2103"]
[BlackElo "2050"]
[PlyCount "27"]
[GameId "2160767909778911"]
[EventDate "2011.04.22"]
[EventType "swiss"]
[EventRounds "6"]
[EventCountry "CAN"]

1. e4 e5 2. Nf3 Nc6 3. d4 exd4 4. Nxd4 Nf6 5. Nxc6 bxc6 6. e5 Qe7 7. Qe2 Nd5 8. c4 Ba6 9. b3 g5 10. Bb2 Bg7 11. Nd2 O-O-O 12. g3 Rhe8 13. O-O-O d6 14. Qg4+ 1-0

[Event "Grand Pacific op U1400"]
[Site "Victoria CAN"]
[Date "2011.04.23"]
[Round "2"]
[White "Lee, Daniel"]
[Black "Hare, Howie"]
[Result "1-0"]
[WhiteElo "1139"]
[BlackElo "1320"]
[PlyCount "57"]
[GameId "2160767909778912"]
[EventDate "2011.04.22"]
[EventType "swiss"]
[EventRounds "6"]
[EventCountry "CAN"]

1. e4 e6 2. d4 d5 3. exd5 exd5 4. Bd3 Bd6 5. Nc3 c6 6. Nf3 Be6 7. O-O h6 8. Re1 Ne7 9. a3 O-O 10. Ne5 Nd7 11. Bf4 Qc7 12. g3 f6 13. Ng6 Nxg6 14. Bxg6 Bxf4 15. Rxe6 Bd6 16. Qh5 Nb6 17. Re8 Raxe8 18. Bxe8 Qe7 19. Bg6 Nc4 20. Na4 b5 21. b3 bxa4 22. bxc4 dxc4 23. Kf1 Bxa3 24. Re1 Qd7 25. c3 Bb2 26. Bf5 Qd8 27. Qg6 Qd5 28. Qh7+ Kf7 29. Bg6# 1-0

[Event "Grand Pacific op U1400"]
[Site "Victoria CAN"]
[Date "2011.04.24"]
[Round "4"]
[White "Botez, Andrea"]
[Black "Enns, Edward"]
[Result "1-0"]
[WhiteElo "743"]
[BlackElo "1177"]
[PlyCount "55"]
[GameId "2160767909778913"]
[EventDate "2011.04.22"]
[EventType "swiss"]
[EventRounds "6"]
[EventCountry "CAN"]

1. Nf3 Nc6 2. d4 d5 3. e3 e6 4. c4 Nf6 5. Nc3 Bb4 6. a3 Bxc3+ 7. bxc3 Ne4 8. Bb2 Bd7 9. cxd5 exd5 10. Qb3 Ne7 11. Bd3 f6 12. Rb1 Bc6 13. O-O a6 14. Qc2 f5 15. c4 b6 16. cxd5 Bxd5 17. Rbc1 c6 18. Ne5 b5 19. a4 g6 20. Ba3 Rc8 21. Bxe7 Qxe7 22. axb5 Qg5 23. g3 Qh5 24. bxc6 Ng5 25. c7 Qh3 26. f4 Rxc7 27. Qe2 Qh6 28. fxg5 1-0

[Event "Grand Pacific op U1400"]
[Site "Victoria CAN"]
[Date "2011.04.25"]
[Round "6"]
[White "Hare, Howie"]
[Black "Rahemtulla, Adam"]
[Result "1-0"]
[WhiteElo "1320"]
[BlackElo "1274"]
[PlyCount "23"]
[GameId "2160767909778914"]
[EventDate "2011.04.22"]
[EventType "swiss"]
[EventRounds "6"]
[EventCountry "CAN"]
[SourceTitle "Monroi"]
[SourceDate "2011.01.01"]
[SourceVersion "1"]
[SourceVersionDate "2011.01.01"]
[SourceQuality "1"]

1. e4 e5 2. Nf3 Nc6 3. Bc4 Bc5 4. d4 Bxd4 5. Nxd4 exd4 6. O-O Nf6 7. Bg5 O-O 8. Bb5 Re8 9. Nd2 a6 10. Bxc6 dxc6 11. Re1 Re5 12. f4 1-0

[Event "Guelph Fall ProAm"]
[Site "Guelph CAN"]
[Date "2011.11.05"]
[Round "1"]
[White "Gusev, Nikita"]
[Black "Wiebe, Daniel"]
[Result "1-0"]
[WhiteElo "2272"]
[BlackElo "1970"]
[PlyCount "31"]
[GameId "2160767909573675"]
[EventDate "2011.11.05"]
[EventType "swiss"]
[EventRounds "5"]
[EventCountry "CAN"]
[SourceTitle "EXT 2022"]
[Source "ChessBase"]
[SourceDate "2021.10.06"]
[SourceVersion "1"]
[SourceVersionDate "2021.10.06"]
[SourceQuality "1"]

1. e4 c5 2. Ne2 d6 3. g3 g6 4. Bg2 Bg7 5. O-O e6 6. d4 cxd4 7. Nxd4 Nc6 8. Nb5 Ke7 9. Bg5+ Nf6 10. Bf4 e5 11. Bg5 a6 12. N5c3 Be6 13. Nd5+ Bxd5 14. Qxd5 Qc7 15. Nc3 Rhd8 16. Qc4 1-0

[Event "Guelph Fall ProAm"]
[Site "Guelph CAN"]
[Date "2011.11.05"]
[Round "2"]
[White "Itkin, David"]
[Black "Cormier, Adam"]
[Result "1-0"]
[WhiteElo "2142"]
[BlackElo "2076"]
[PlyCount "35"]
[GameId "2160767909573680"]
[EventDate "2011.11.05"]
[EventType "swiss"]
[EventRounds "5"]
[EventCountry "CAN"]
[SourceTitle "EXT 2022"]
[Source "ChessBase"]
[SourceDate "2021.10.06"]
[SourceVersion "1"]
[SourceVersionDate "2021.10.06"]
[SourceQuality "1"]

1. e4 c5 2. Nc3 a6 3. Nf3 d6 4. d4 cxd4 5. Nxd4 Nf6 6. Bc4 e6 7. Bb3 Nbd7 8. Bg5 Nc5 9. f4 Be7 10. Qf3 Qc7 11. O-O-O h6 12. Bh4 Rb8 13. e5 dxe5 14. fxe5 Nxb3+ 15. axb3 Nd7 16. Bxe7 Kxe7 17. Qg3 Qxe5 18. Nc6+ 1-0

[Event "Guelph Fall ProAm"]
[Site "Guelph CAN"]
[Date "2011.11.05"]
[Round "2"]
[White "Plotkin, Victor"]
[Black "Gusev, Nikita"]
[Result "1-0"]
[WhiteElo "2377"]
[BlackElo "2272"]
[PlyCount "84"]
[GameId "2160767909573683"]
[EventDate "2011.11.05"]
[EventType "swiss"]
[EventRounds "5"]
[EventCountry "CAN"]
[SourceTitle "EXT 2022"]
[Source "ChessBase"]
[SourceDate "2021.10.06"]
[SourceVersion "1"]
[SourceVersionDate "2021.10.06"]
[SourceQuality "1"]

1. e4 c5 2. c3 Nf6 3. e5 Nd5 4. d4 cxd4 5. Nf3 e6 6. cxd4 Nc6 7. Bc4 Nb6 8. Bb3 d5 9. O-O Be7 10. Nc3 f6 11. exf6 Bxf6 12. Bf4 O-O 13. Nb5 Qd7 14. Re1 Bd8 15. Bd6 Ne7 16. a4 a6 17. Ne5 Qe8 18. Nc3 Nd7 19. Bc2 Nxe5 20. Bxe5 Qf7 21. Qd2 Nc6 22. Bd6 Re8 23. Re3 g6 24. Rf3 Qd7 25. Bg3 Bb6 26. Ne2 Qg7 27. Rd1 Bd7 28. Rb3 Ba5 29. Nc3 b5 30. axb5 axb5 31. Qe3 b4 32. Nb5 e5 33. dxe5 Nxe5 34. Qd4 Bc6 35. Nd6 Re7 36. Re3 Nd7 37. Rxe7 Qxe7 38. Bb3 Nf6 39. Be5 Bb6 40. Qxb6 Qxe5 41. Qxc6 Rd8 42. Nc4 Qe2 1-0